Narrative of the Portuguese Embassy to Abyssinia during the years 1520-1527. By Father Francisco Alvarez. Translated from the portuguese, and edited with notes and an Introduction by Lord Stanley of Alderley
محفوظ في:
| المؤلف الرئيسي: | |
|---|---|
| التنسيق: | كتاب |
| اللغة: | الإنجليزية |
| منشور في: |
Londres
Hakluyt Society
1881
|
| الطبعة: | 1a. ed |
| سلاسل: | Hakluyt Society, 64
|
| الموضوعات: | |
| الوسوم: |
إضافة وسم
لا توجد وسوم, كن أول من يضع وسما على هذه التسجيلة!
|
MARC
| LEADER | 00000nam a2200000 a 4500 | ||
|---|---|---|---|
| 001 | UCJ5646 | ||
| 003 | CL-VaPUC | ||
| 008 | 070124e18810621UK |||||||||||||||||eng|d | ||
| 082 | 0 | 4 | |a 910.4 |b ALV |2 21 |
| 100 | 0 | |a Alvarez, Francisco |e author |9 511107 | |
| 245 | 1 | 0 | |a Narrative of the Portuguese Embassy to Abyssinia during the years 1520-1527. By Father Francisco Alvarez. Translated from the portuguese, and edited with notes and an Introduction by Lord Stanley of Alderley |
| 250 | |a 1a. ed | ||
| 300 | |a xxvii, 430 p | ||
| 942 | |c BK | ||
| 945 | |d 20070124 00:00:00 |a rinostro | ||
| 260 | |a Londres |b Hakluyt Society |c 1881 | ||
| 500 | |a Un mapa. Advierte errata | ||
| 600 | 0 | 7 | |a PINTO DE SOUZA, JOSE CARLOS |2 CL-VaPUC |9 511108 |
| 600 | 0 | 7 | |a ABREU, JORGE D' |2 CL-VaPUC |9 511109 |
| 600 | 0 | 7 | |a PRESTE JUAN |2 CL-VaPUC |9 509255 |
| 650 | 0 | |a Viajes |9 257115 | |
| 650 | 0 | |a Diplomacia |9 256483 | |
| 650 | 0 | |a Misioneros |9 324171 | |
| 650 | 0 | |a Cultura |9 269059 | |
| 650 | 0 | |a Mapas |9 260844 | |
| 651 | 7 | |a ABISINIA |2 CL-VaPUC |9 511110 | |
| 583 | |a last modification |c 20070124 00:00:00 |k Rodrigo Vera | ||
| 490 | 0 | |a Hakluyt Society, 64 | |
| 999 | |c 321755 |d 321753 | ||
| 952 | |0 0 |1 0 |4 0 |6 910_400000000000000_ALV_1881 |7 0 |8 X |9 400582 |a FDOBUD |b FDOBUD |d 2019-11-22 |i 1037528 |o 910.4 ALV 1881 |p 1037528 |r 2019-11-22 |w 2019-11-22 |y BK_X |k BUD | ||